| 000 | 00653nam a2200181Ia 4500 | ||
|---|---|---|---|
| 003 | GCL | ||
| 008 | 140319s9999 xx 000 0 ara d | ||
| 040 |
_aGCL / _cGCL |
||
| 082 | 0 | 4 |
_a155.4 _bم أ |
| 100 | 1 | _aمحمد عمادالدين اسماعيل | |
| 245 | 1 | 0 |
_aالاطفال مراة المجتمع:النمو النفسى الاجتماعى للطفل فى سنواتة التكوينية / _cمحمد عمادالدين اسماعيل |
| 300 | _a380 ص | ||
| 490 |
_aعالم المعرفة _v0 |
||
| 650 | 0 | 4 | _aالاطفال |
| 650 | 0 | 4 | _aعلم النفس الارتقائى |
| 650 | 0 | 4 | _aالاطفال, علم نفس |
| 942 |
_2ddc _cBK |
||
| 999 |
_c51544 _d51544 |
||